| 000 | 00858nam a22002777a 4500 | ||
|---|---|---|---|
| 003 | CHAP | ||
| 005 | 20220329135809.0 | ||
| 008 | 971013s1982 r 00010 d | ||
| 010 | _a42360 | ||
| 011 | _a43332 | ||
| 035 | _a47468 | ||
| 040 | _cCHAP | ||
| 090 | _aFolleto 8440 | ||
| 110 |
_aMéxico. Dirección General de Ganadería _976994 |
||
| 245 | _aManual básico de coturnicultura | ||
| 260 |
_aMéxico, D.F. : _bLa Dirección, _c1982 |
||
| 300 |
_a27 p. _b; anexos |
||
| 590 |
_aBATCH-UPD _b10 _c20130110 _lUCH01 _h1825 |
||
| 590 |
_aCONVERSION _b10 _c20130109 _lUCH01 _h1323 |
||
| 650 | 1 | 4 |
_aCodorniz. _924300 |
| 901 | _aBK | ||
| 942 | _cFOLL | ||
| 949 |
_aFolleto 8440 _bBC _cFOLL _d-107846 _eTS1 _i47468 _mD _si |
||
| 949 |
_aFolleto 8440 _bBC _cFOLL _d-107847 _eTS2 _fc.2 _i47468 _mD _si |
||
| 949 |
_aFolleto 8440 _bBC _cFOLL _d-107848 _eTS2 _fc.3 _i47468 _mD _si |
||
| 999 |
_c42360 _d42360 |
||